Catálogo - Centro de Recursos para el Aprendizaje y la Investigación

Volver al Sitio - CRAI Biblioteca

Ahorrar es crear / (Registro nro. 114157)

Detalles MARC
000 -CABECERA
campo de control de longitud fija 01141nam a22003017a 4500
001 - NÚMERO DE CONTROL
campo de control 114157
003 - IDENTIFICADOR DEL NÚMERO DE CONTROL
campo de control DR-UNIBE
005 - FECHA Y HORA DE LA ÚLTIMA TRANSACCIÓN
campo de control 20251205062552.0
008 - DATOS DE LONGITUD FIJA--INFORMACIÓN GENERAL
campo de control de longitud fija 251015b2024 dr ||||| |||| 00| 1 spa d
020 ## - NÚMERO INTERNACIONAL ESTÁNDAR DEL LIBRO
Número Internacional Estándar del Libro 9789945931631
040 ## - FUENTE DE LA CATALOGACIÓN
Centro catalogador/agencia de origen BIBLIOTECA UNIBE
Lengua de catalogación spa
Centro/agencia transcriptor BIBLIOTECA UNIBE
Normas de descripción rda
041 ## - CÓDIGO DE LENGUA
Código de lengua del texto/banda sonora o título independiente spa
090 ## - LOCALMENTE ASIGNADO TIPO-LC NÚMERO DE CLASIFICACIÓN (OCLC); NÚMERO DE CLASIFICACIÓN LOCAL (RLIN)
Número de clasificación (OCLC) (R) ; Numero de clasificación, CALL (RLIN) (NR) FBIU-BP CI V632a
100 10 - ENTRADA PRINCIPAL--NOMBRE DE PERSONA
Nombre de persona Vicens, Laura
9 (RLIN) 199805
Término indicativo de función/relación autor
245 ## - MENCIÓN DE TÍTULO
Título Ahorrar es crear /
Mención de responsabilidad, etc. Laura Vicens; ilustraciones: Karla Peña ; soporte gráfico: Hansel Durán
250 ## - MENCIÓN DE EDICIÓN
Mención de edición Primera edición
260 ## - PUBLICACIÓN, DISTRIBUCIÓN, ETC.
Lugar de publicación, distribución, etc. Santo Domingo:
Nombre del editor, distribuidor, etc. Banco Popular,
Fecha de publicación, distribución, etc. 2014
300 ## - DESCRIPCIÓN FÍSICA
Extensión 58 páginas :
Otras características físicas ilustraciones a color ;
Dimensiones 24 x 16 cm
490 ## - MENCIÓN DE SERIE
Mención de serie Aventura financiera
500 ## - NOTA GENERAL
Nota general Comentario de la obra en la contraportada. 10 consejos del Banco Popular para aprender sobre el dinero al final de la obra
653 #7 - TÉRMINO DE INDIZACIÓN--NO CONTROLADO
Término no controlado Cuentos infantiles dominicanos
653 #7 - TÉRMINO DE INDIZACIÓN--NO CONTROLADO
Término no controlado Literatura infantil dominicana
653 #7 - TÉRMINO DE INDIZACIÓN--NO CONTROLADO
Término no controlado Ahorros - Cuentos infantiles dominicanos
653 #7 - TÉRMINO DE INDIZACIÓN--NO CONTROLADO
Término no controlado Sueños - Cuentos infantiles dominicanos
700 #0 - PUNTO DE ACCESO ADICIONAL--NOMBRE DE PERSONA
Nombre de persona Peña, Karla
Término indicativo de función/relación autor
9 (RLIN) 115283
700 10 - PUNTO DE ACCESO ADICIONAL--NOMBRE DE PERSONA
Nombre de persona Durán, Hansel
9 (RLIN) 199806
Término indicativo de función/relación soporte gráfico
942 ## - ELEMENTOS DE PUNTO DE ACCESO ADICIONAL (KOHA)
Fuente del sistema de clasificación o colocación Sistema de Clasificación Decimal Dewey
Tipo de ítem Koha Libro (general)
Existencias
Estado de retiro Estado de pérdida Fuente del sistema de clasificación o colocación No para préstamo Código de colección Localización permanente Fecha de adquisición Total de préstamos Signatura topográfica completa Código de barras Fecha visto por última vez Número de copia Precio válido a partir de Tipo de ítem Koha
  Disponible Sistema de Clasificación Decimal Dewey No se presta Fondo Bibliográfico IBBY-UNIBE Biblioteca Central UNIBE 12/08/2025   FBIU-BP CI V632a FBIU0911 15/10/2025 Ej. 1 15/10/2025 Libro (general)